The mathematical traveler: exploring the grand history of numbers
Guardado en:
| Autor principal: | |
|---|---|
| Formato: | Libro |
| Lenguaje: | inglés |
| Publicado: |
Cambridge
Perseus
1994
|
| Materias: | |
| Etiquetas: |
Agregar Etiqueta
Sin Etiquetas, Sea el primero en etiquetar este registro!
|
MARC
| LEADER | 00000nam a2200000 a 4500 | ||
|---|---|---|---|
| 001 | UCL6953 | ||
| 003 | CL-VaPUC | ||
| 008 | 040423e19940000US |||||||||||||||||eng|d | ||
| 020 | |a 0738208353 | ||
| 082 | 0 | 4 | |a 512 |b CLA |2 21 |
| 100 | 0 | |a Clawson, Calvin C |e author |9 484614 | |
| 245 | 1 | 4 | |a The mathematical traveler: exploring the grand history of numbers |
| 300 | |a 307 p | ||
| 942 | |c BK | ||
| 945 | |d 20040423 00:00:00 |a cmena | ||
| 260 | |a Cambridge |b Perseus |c 1994 | ||
| 650 | 0 | |a Teoría de números |9 265327 | |
| 650 | 0 | |a Filosofía de las matemáticas |9 265233 | |
| 583 | |a last modification |c 20040423 00:00:00 |k Rodrigo Vera | ||
| 999 | |c 308829 |d 308827 | ||